Statistics for Austria Wien Best Scorer By Year

Click here to take the quiz!

General Stats

  • This quiz has been taken 68 times
    (28 since last reset)
  • The average score is 10 of 34

Answer Stats

Player% Correct
Haris Tabakovic
75%
Toni Polster
75%
Philipp Hosiner
69%
Alexander Grünwald
63%
Christoph Monschein
56%
Marco Djuricin
56%
Olarenwaju Kayode
56%
Alexander Gorgon
50%
Andreas Ogris
31%
Peter Stöger
31%
Christian Mayrleb
25%
Felix Gasselich
25%
Manprit Sarkaria
25%
Mons Ivar Mjelde
25%
Ralph Hasenhüttl
25%
Raphael Holzhauser
25%
Roland Linz
25%
Sigurd Rushfeldt
25%
Valdas Ivanauskas
25%
Benedikt Pichler
19%
Hans Pirkner
19%
José Percudani
19%
Milenko Ačimovič
19%
Ronald Brunmayr
19%
Rubin Okotie
19%
Walter Schachner
19%
Johannes Aigner
13%
Julio Morales
13%
Julius Simon
13%
Sanel Kuljić
13%
Tibor Nyilasi
13%
Gerhard Steinkogler
6%
Omer Damari
6%
Vladimír Janočko
6%

Score Distribution

Percentile by Number Answered

Percent of People with Each Score

Your Score History

You have not taken this quiz since the last reset